[Event "GCT Cote d Ivoire Blitz 2019"]
[Site "Abidjan"]
[Date "2019.05.11"]
[Round "6"]
[White "Nakamura, Hikaru"]
[Black "Karjakin, Sergey"]
[Result "1/2-1/2"]
[WhiteElo "2805"]
[BlackElo "2773"]
[Annotator "RC"]
[PlyCount "185"]
[EventDate "2019.05.05"]
[EventType "tourn"]
[EventCountry "IVO"]
[SourceTitle "playchess.com"]
[Source "ChessBase"]
[SourceQuality "1"]
[TimeMode "Bronstein"]
[TimeControl "300+3"]

1. e4 {[%emt 0:00:00]} e5 {[%emt 0:00:00]} 2. Nf3 Nc6 3. Bb5 {[%emt 0:00:00]} Nf6 {[%emt 0:00:00]} 4. d3 {[%emt 0:00:00]} Bc5 {[%emt 0:00:00]} 5. O-O {[%emt 0:00:00]} Nd4 {[%emt 0:00:00]} 6. Be3 {[%emt 0:00:00]} Nxf3+ {[%emt 0:00:00]} 7. Qxf3 {[%emt 0:00:00]} Bxe3 {[%emt 0:00:00]} 8. Qxe3 {[%emt 0:00:00]} O-O {[%emt 0:00:00]} 9. d4 {[%emt 0:00:00]} d6 {[%emt 0:00:00]} 10. Be2 {[%emt 0:00:00]} c6 {[%emt 0:00:00]} 11. dxe5 {[%emt 0:00:00]} dxe5 {[%emt 0:00:00]} 12. Nd2 {[%emt 0:00:00]} Be6 {[%emt 0:00:03]} 13. a4 {[%emt 0:00:00]} Qb6 {[%emt 0:00:26]} 14. Qxb6 {[%emt 0:00:01]} axb6 {[%emt 0:00:03]} 15. b3 {[%emt 0:00:05]} Rfd8 {[%emt 0:00:03]} 16. Rfd1 {[%emt 0:00:03]} Kf8 {[%emt 0:00:08]} 17. Rac1 {[%emt 0:00:03]} Ke7 {[%emt 0:00:06]} 18. f3 {[%emt 0:00:03]} Ne8 {[%emt 0:00:14]} 19. Kf2 {[%emt 0:00:03]} Nd6 {[%emt 0:00:19]} 20. Nf1 {[%emt 0:00:03]} Rd7 {[%emt 0:00:12]} 21. Ne3 {[%emt 0:00:08]} Rad8 {[%emt 0:00:03]} 22. Re1 {[%emt 0:00:21]} f6 {[%emt 0:00:07]} 23. g3 {[%emt 0:00:03]} Ne8 {[%emt 0:00:23]} 24. h4 {[%emt 0:00:14]} Nc7 {[%emt 0:00:28]} 25. Ra1 {[%emt 0:00:30]} Na6 {[%emt 0:00:06]} 26. Red1 {[%emt 0:00:18]} Nc5 {[%emt 0:00:16]} 27. Rxd7+ {[%emt 0:00:03]} Rxd7 {[%emt 0:00:03]} 28. Ke1 {[%emt 0:00:23]} g6 {[%emt 0:00:18]} 29. b4 {[%emt 0:00:07]} Na6 {[%emt 0:00:03]} 30. c3 {[%emt 0:00:04]} Nc7 {[%emt 0:00:26]} 31. b5 {[%emt 0:00:58]} Bb3 {[%emt 0:00:03]} 32. bxc6 {[%emt 0:00:26]} bxc6 {[%emt 0:00:03]} 33. Rb1 {[%emt 0:00:03]} Bxa4 {[%emt 0:00:03]} 34. Rxb6 {[%emt 0:00:03]} h5 {[%emt 0:00:20]} 35. Nc4 {[%emt 0:00:19]} Ne6 {[%emt 0:00:11]} 36. Na5 {[%emt 0:00:22]} Rc7 {[%emt 0:00:15]} 37. Bc4 {[%emt 0:00:18]} Nc5 {[%emt 0:00:11]} 38. Be2 {[%emt 0:00:05]} Nd7 {[%emt 0:00:14]} 39. Rb4 {[%emt 0:00:12]} Nc5 {[%emt 0:00:03]} 40. Rb6 {[%emt 0:00:16]} Nd7 {[%emt 0:00:03]} 41. Ra6 {[%emt 0:00:03]} Nc5 {[%emt 0:00:22]} 42. Ra8 {[%emt 0:00:03]} Bb5 {[%emt 0:00:03]} 43. Rh8 {[%emt 0:00:05]} Ke6 {[%emt 0:00:08]} 44. Rb8 {[%emt 0:00:08]} Nd7 {[%emt 0:00:20]} 45. Re8+ {[%emt 0:00:03]} Kf7 {[%emt 0:00:03]} 46. Ra8 {[%emt 0:00:03]} Nc5 {[%emt 0:00:08]} 47. Bc4+ {[%emt 0:00:04]} Bxc4 {[%emt 0:00:13]} 48. Nxc4 {[%emt 0:00:03]} Rd7 {[%emt 0:00:04]} 49. Ke2 {[%emt 0:00:03]} Nb3 {[%emt 0:00:06]} 50. Rc8 {[%emt 0:00:07]} c5 {[%emt 0:00:03]} 51. Rc6 {[%emt 0:00:03]} Kg7 {[%emt 0:00:03]} 52. Nd6 {[%emt 0:00:05]} Rd8 {[%emt 0:00:03]} 53. Rc7+ {[%emt 0:00:03]} Kg8 {[%emt 0:00:03]} 54. Nc4 {[%emt 0:00:03]} Nc1+ {[%emt 0:00:03]} 55. Kf2 {[%emt 0:00:03]} Rd3 {[%emt 0:00:04]} 56. Nb6 {[%emt 0:00:05]} Rxc3 {[%emt 0:00:06]} 57. Nd5 {[%emt 0:00:03]} Rc2+ {[%emt 0:00:03]} 58. Ke1 {[%emt 0:00:06]} Nd3+ {[%emt 0:00:03]} 59. Kd1 {[%emt 0:00:03]} Rf2 {[%emt 0:00:03]} 60. Nxf6+ {[%emt 0:00:03]} Kf8 {[%emt 0:00:03]} 61. Nh7+ {[%emt 0:00:10]} Ke8 {[%emt 0:00:03]} 62. Nf6+ {[%emt 0:00:03]} Kf8 {[%emt 0:00:03]} 63. Nh7+ {[%emt 0:00:05]} Ke8 {[%emt 0:00:03]} 64. Ng5 {[%emt 0:00:03]} c4 {[%emt 0:00:03]} 65. Ne6 {[%emt 0:00:06]} Rxf3 {[%emt 0:00:03]} 66. Rxc4 {[%emt 0:00:03]} Rxg3 {[%emt 0:00:03]} 67. Rc7 {[%emt 0:00:03]} Nf4 {[%emt 0:00:03]} 68. Ng5 {[%emt 0:00:03]} Rg4 {[%emt 0:00:03]} 69. Rc5 {[%emt 0:00:03]} Rxh4 {[%emt 0:00:04]} 70. Rxe5+ {[%emt 0:00:03]} Kd7 {[%emt 0:00:03]} 71. Ra5 {[%emt 0:00:03]} Rg4 {[%emt 0:00:03]} 72. Nf3 {[%emt 0:00:03]} Kc7 {[%emt 0:00:03]} 73. Kd2 {[%emt 0:00:03]} h4 {[%emt 0:00:03]} 74. Ke3 {[%emt 0:00:03]} h3 {[%emt 0:00:03]} 75. Nh2 {[%emt 0:00:04]} Rh4 {[%emt 0:00:03]} 76. Kf3 {[%emt 0:00:03]} Ne6 {[%emt 0:00:03]} 77. Kg3 {[%emt 0:00:03]} Rxe4 {[%emt 0:00:03]} 78. Kxh3 {[%emt 0:00:03]} Kd6 {[%emt 0:00:03]} 79. Nf3 {[%emt 0:00:03]} Rb4 {[%emt 0:00:03]} 80. Kg3 {[%emt 0:00:03]} Ke7 {[%emt 0:00:03]} 81. Ng5 {[%emt 0:00:03]} Nd4 {[%emt 0:00:03]} 82. Ra6 {[%emt 0:00:03]} Nf5+ {[%emt 0:00:03]} 83. Kf2 {[%emt 0:00:03]} Rf4+ {[%emt 0:00:03]} 84. Ke2 {[%emt 0:00:03]} Nd6 {[%emt 0:00:03]} 85. Ke3 {[%emt 0:00:03]} Rf5 {[%emt 0:00:03]} 86. Nf3 {[%emt 0:00:03]} Rf6 {[%emt 0:00:03]} 87. Ra7+ {[%emt 0:00:03]} Kf8 {[%emt 0:00:03]} 88. Ng5 {[%emt 0:00:03]} Rf5 {[%emt 0:00:03]} 89. Ne6+ {[%emt 0:00:03]} Kg8 {[%emt 0:00:03]} 90. Rg7+ {[%emt 0:00:03]} Kh8 {[%emt 0:00:03]} 91. Rxg6 {[%emt 0:00:03]} Kh7 {[%emt 0:00:03]} 92. Rg7+ {[%emt 0:00:03]} Kh6 {[%emt 0:00:03]} 93. Rg5 {[%emt 0:00:05]} 1/2-1/2

[Event "GCT Cote d Ivoire Blitz 2019"]
[Site "Abidjan"]
[Date "2019.05.11"]
[Round "6"]
[White "Vachier-Lagrave, Maxime"]
[Black "Ding, Liren"]
[Result "1/2-1/2"]
[WhiteElo "2792"]
[BlackElo "2786"]
[Annotator "TA"]
[PlyCount "91"]
[EventDate "2019.05.05"]
[EventType "tourn"]
[EventCountry "IVO"]
[SourceTitle "playchess.com"]
[Source "ChessBase"]
[SourceQuality "1"]

{[%evp 11,91,0,0,15,14,14,17,5,10,0,0,0,0,-5,0,-21,-18,-22,-18,-38,-47,-51,-51,-52,-35,-37,-35,-35,-35,-42,-30,-40,-38,-40,-43,-96,-12,-12,0,-29,-31,-30,21,20,8,-1,33,37,58,58,58,58,58,-38,0,0,0,0,0,0,0,0,0,0,0,0,0,0,0,0,0,-18,-18,-58,-33,-55,-12,-20,0,-48,0,-20]} 1. Nf3 d5 2. g3 g6 3. Bg2 Bg7 4. d4 Nf6 5. O-O O-O 6. Nbd2 a5 7. b3 {D02: 1 d4 d5 2 Nf3 sidelines, including 2...Nf6 3 g3 and 2...Nf6 3 Bf4} a4 8. Ba3 Re8 $146 ({Predecessor:} 8... Ne4 9. Nxe4 dxe4 10. Ne5 f6 11. Nc4 f5 12. e3 Nc6 13. f4 b5 14. Ne5 Bxe5 15. fxe5 {1-0 (45) Vachier Lagrave,M (2811)-Ragger,M (2700) Germany 2017}) 9. e3 Bf5 10. c4 c6 11. Qe2 Nbd7 12. cxd5 Nxd5 13. e4 Nc3 $1 {[%cal Rc3e2]} 14. Qe3 Nb5 15. exf5 Nxa3 16. fxg6 hxg6 {[#] White must now prevent ...Nc2.} 17. Rac1 Nb5 18. Rfd1 Nf6 19. Nc4 Nd5 20. Qd2 axb3 21. axb3 e6 22. h4 Ne7 23. Ne3 (23. h5 $15) 23... Nf5 (23... Bh6 $17 24. Bf1 Nd6) 24. Nxf5 $11 exf5 25. h5 gxh5 26. Rc5 {[#]} Nd6 (26... h4 $142 $1 {[%mdl 512]} 27. gxh4 (27. Nxh4 Nxd4) 27... Nd6) 27. Nh4 $1 Qf6 28. d5 Rad8 (28... Ne4 {keeps more tension.} 29. Bxe4 fxe4 30. dxc6 bxc6 31. Qg5 e3) 29. dxc6 Ne4 30. Qxd8 $1 Rxd8 31. Rxd8+ Qxd8 32. Bxe4 ({White should play} 32. c7 $14 Qd1+ 33. Kh2) 32... bxc6 33. Nxf5 Qd1+ 34. Kg2 Qxb3 {aiming for ...Qb4.} 35. Rxc6 Bf8 36. Ne3 h4 37. gxh4 Qb4 38. Rc4 Qd6 39. Bd5 Qf6 40. Rg4+ Kh8 41. Bf3 Bc5 42. Nc4 Qc3 {[%mdl 1024] Hoping for ...Qc2! Black has compensation.} 43. Rf4 Qg7+ (43... f5 $5) 44. Rg4 Qc3 {...Qc2! is the strong threat.} 45. Rf4 Qg7+ (45... f5 $5) 46. Rg4 {Accuracy: White = 59%, Black = 52%.} 1/2-1/2

[Event "GCT Cote d Ivoire Blitz 2019"]
[Site "Abidjan"]
[Date "2019.05.11"]
[Round "6"]
[White "Wei, Yi"]
[Black "So, Wesley"]
[Result "1/2-1/2"]
[WhiteElo "2737"]
[BlackElo "2772"]
[Annotator "TA"]
[PlyCount "93"]
[EventDate "2019.05.05"]
[EventType "tourn"]
[EventCountry "IVO"]
[SourceTitle "playchess.com"]
[Source "ChessBase"]
[SourceQuality "1"]

{[%evp 22,93,23,21,26,14,16,0,0,0,0,-14,0,0,0,0,0,0,0,0,0,-35,-27,-31,-31,-31,-26,-29,-29,-31,-31,-40,-40,-40,-40,-40,-40,-40,-40,-40,-33,-40,-40,-40,-40,-62,-62,-62,-62,-62,-62,-62,-62,-62,-62,-62,-45,-48,-34,-48,-48,-51,-34,-34,-34,-34,-34,-34,-34,-34,-34,-34,-34,-34]} 1. d4 Nf6 2. c4 e6 3. g3 c5 4. Nf3 cxd4 5. Nxd4 Bb4+ 6. Nc3 O-O 7. Bg2 d5 8. cxd5 Nxd5 9. Qb3 Qa5 10. Bd2 Nc6 11. Nxc6 bxc6 12. O-O {[#] Strongly threatening Nxd5.} Bxc3 $1 {E20: Nimzo-Indian: 4 g3 and 4 f3} 13. bxc3 {Black should prevent Rfd1.} Ba6 14. Rfe1 (14. Rfd1 Qc5 15. e4 Bc4 16. Qa4 Nb6 17. Qb4 Qh5 18. Re1 c5 19. Qa5 Rfc8 20. Bf4 {½-½ (28) Rodshtein,M (2695)-Adams,M (2738) Tbilisi 2017}) 14... Rab8 {The position is equal.} 15. Qc2 Bc4 16. e4 Nb6 17. e5 Bd5 $146 ({Predecessor:} 17... Rfd8 18. Be4 Kh8 19. Be3 Qa6 20. Bxh7 {½-½ (80) Battaglini,G (2412)-Elbilia,J (2382) Belfort 2012}) 18. c4 Qc5 19. Bf1 Nxc4 {...Rb2 is the strong threat.} 20. Rec1 {[%cal Rf1c4]} Qd4 $1 ({Don't go for} 20... Rb2 $2 {[#]} 21. Qxb2 $1 {[%mdl 512]} Qxf2+ 22. Kxf2 $18) 21. Bxc4 {aiming for Be3.} (21. Bc3 {feels hotter.} Qg4 22. Be2 Qh3 23. Bf1 Qg4) 21... Rb2 $1 {[%cal Rb2c2]} 22. Be3 Rxc2 23. Bxd4 Rxc4 24. Rxc4 Bxc4 25. Bxa7 $15 {[%mdl 4096] Endgame KRB-KRB} Ra8 {Black is slightly better.} 26. Rb1 Bxa2 27. Rb8+ Rxb8 28. Bxb8 {KB-KB} c5 29. Bd6 c4 30. Bb4 h5 31. f4 Kh7 32. Kf2 Kg6 33. Ke3 Kf5 34. h4 Bb1 35. Bc3 Bd3 36. Bb2 Be4 37. Bc3 Bd5 38. Bb2 f6 39. Bc3 Bc6 40. Bb2 Be8 41. Bc3 Bg6 42. exf6 gxf6 43. Kd4 e5+ 44. fxe5 fxe5+ 45. Kxc4 e4 46. Kd4 Kg4 47. Ke3 $1 {Accuracy: White = 75%, Black = 78%.} 1/2-1/2

[Event "GCT Cote d Ivoire Blitz 2019"]
[Site "Abidjan"]
[Date "2019.05.11"]
[Round "6"]
[White "Amin, Bassem"]
[Black "Topalov, Veselin"]
[Result "1-0"]
[WhiteElo "2683"]
[BlackElo "2736"]
[Annotator "TA"]
[PlyCount "59"]
[EventDate "2019.05.05"]
[EventType "tourn"]
[EventCountry "IVO"]
[SourceTitle "playchess.com"]
[Source "ChessBase"]
[SourceQuality "1"]

{[%evp 16,59,4,-12,-9,0,-3,-7,0,0,0,-3,20,20,44,24,32,33,93,102,104,94,211,209,220,235,310,302,336,337,330,327,325,333,360,357,396,391,1271,1229,29994,29995,29995,29996,29996,29997]} 1. Nf3 d5 2. g3 c6 3. Bg2 Bg4 4. O-O Nd7 5. d3 e6 6. e4 Bd6 7. h3 Bh5 8. Re1 Ne7 9. Nbd2 O-O {A07: Réti Opening: New York and Capablanca Systems} 10. d4 a5 11. c4 (11. c3 a4 12. e5 Bc7 13. Nf1 c5 14. g4 Bg6 15. Ng3 cxd4 16. cxd4 Nc6 {1-0 (39) Bachmann,A (2641)-Sulskis,S (2519) Baku 2016}) 11... Bb4 $146 {The position is equal.} ({Predecessor:} 11... a4 12. exd5 cxd5 13. cxd5 Nxd5 14. Nc4 Bb4 15. Bd2 N7b6 16. Nce5 Qd6 {1-0 (66) Azaladze,S (2471)-Zilka,S (2529) Yerevan 2013}) 12. a3 Bxd2 13. Bxd2 dxe4 14. Rxe4 b5 15. cxb5 cxb5 16. Bg5 Nb6 (16... f6 $14) 17. Bxe7 $16 Qxe7 18. Re5 Bg6 (18... Bxf3 $16 19. Bxf3 (19. Qxf3 Qd7 $14) 19... Rab8) 19. Rxb5 $18 Nc4 20. Ne5 Rac8 21. Nc6 Qd6 22. Rc1 {[%cal Ba1c1,Bc1c4,Bc4c8][%mdl 32]} ({Less strong is} 22. Nxa5 Qa6 $16) 22... Rxc6 23. Bxc6 Qxc6 24. Rc5 {[%mdl 64] [#] Double Attack} Qb7 25. R1xc4 Qxb2 26. Qc1 Qe2 $2 (26... Qxc1+ 27. Rxc1 h6 28. Rxa5 Rd8) 27. Rc8 {White threatens Rxf8+ and mate.} Be4 28. Rxf8+ {White mates.} Kxf8 29. Rc8+ Ke7 {[#]} 30. Qg5+ $1 {[%mdl 64] Double Attack. Accuracy: White = 97%, Black = 21%.} 1-0

[Event "GCT Cote d Ivoire Blitz 2019"]
[Site "Abidjan"]
[Date "2019.05.11"]
[Round "7"]
[White "Ding, Liren"]
[Black "Wei, Yi"]
[Result "1/2-1/2"]
[WhiteElo "2786"]
[BlackElo "2737"]
[Annotator "TA"]
[PlyCount "86"]
[EventDate "2019.05.05"]
[EventType "tourn"]
[EventCountry "IVO"]
[SourceTitle "playchess.com"]
[Source "ChessBase"]
[SourceQuality "1"]

{[%evp 16,86,20,10,20,31,32,38,35,36,35,5,13,6,6,5,7,6,6,0,4,5,10,10,7,2,10,10,10,8,9,0,8,0,0,0,0,0,0,0,0,0,0,0,0,0,0,0,0,0,0,0,0,0,0,0,0,0,0,0,0,0,0,0,0,0,0,0,0,0,0,0,0]} 1. c4 c5 2. g3 g6 3. Bg2 Bg7 4. Nc3 Nc6 5. Nf3 e6 6. d4 cxd4 7. Nb5 d5 8. cxd5 exd5 9. O-O Nge7 {A04: Unusual lines after 1 Nf3 and King's Indian Attack} 10. Nfxd4 (10. Bf4 O-O 11. Qd2 Nf5 12. g4 Nfe7 13. h3 a6 14. Nd6 h6 15. Nxc8 Rxc8 16. Bxh6 f5 17. Bxg7 Kxg7 18. Nxd4 {0-1 (62) Grischuk,A (2754)-Carlsen,M (2857) chess.com INT 2016}) 10... O-O 11. Be3 Nf5 {White is slightly better.} 12. Nxf5 $1 Bxf5 13. Nd4 Bg4 {The position is equal.} 14. h3 $146 ({Predecessor:} 14. Re1 Qf6 15. h3 Bd7 16. Nb5 Bf5 17. Bc5 Qxb2 18. Bxf8 Qxa1 19. Qxa1 Bxa1 20. Rxa1 Kxf8 {0-1 (76) Khmelniker,I (2492)-Ravi,T (2357) Douglas 2018}) 14... Bxd4 15. Bxd4 Bxe2 16. Qxe2 {[#] And now Rad1 would win.} Nxd4 17. Qd2 Qf6 18. Rad1 Nf3+ 19. Bxf3 $1 Qxf3 20. Qxd5 Qf6 21. Qxb7 Rfb8 22. Qd5 Qxb2 23. Rfe1 Qf6 24. Qe5 (24. Qc5 {is interesting.} Rc8 25. Qe7 Qf5 26. h4 Kg7 27. Qe3) 24... Qxe5 25. Rxe5 $11 {[%mdl 4096] Endgame KRR-KRR} Rb2 26. a4 Rc8 27. Rd4 Rcc2 28. Rf4 {[#] Strongly threatening Re8+.} Rb7 29. g4 Kg7 30. g5 h6 31. h4 hxg5 32. hxg5 Rbc7 33. Kg2 R2c5 34. Rfe4 Rxe5 35. Rxe5 {KR-KR} f6 36. gxf6+ Kxf6 37. Ra5 g5 38. Kg3 Rc3+ 39. f3 Rc7 40. Ra6+ Kf5 $1 41. a5 Rd7 42. Rc6 Rd5 43. Ra6 Rd7 {Accuracy: White = 80%, Black = 82%.} 1/2-1/2

[Event "GCT Cote d Ivoire Blitz 2019"]
[Site "Abidjan"]
[Date "2019.05.11"]
[Round "7"]
[White "Nepomniachtchi, Ian"]
[Black "Nakamura, Hikaru"]
[Result "1/2-1/2"]
[WhiteElo "2776"]
[BlackElo "2805"]
[Annotator "TA"]
[PlyCount "106"]
[EventDate "2019.05.05"]
[EventType "tourn"]
[EventCountry "IVO"]
[SourceTitle "playchess.com"]
[Source "ChessBase"]
[SourceQuality "1"]

{[%evp 18,106,25,21,21,14,36,22,27,25,23,33,31,27,28,26,33,19,35,14,18,20,22,6,38,0,10,7,45,44,44,47,46,0,20,9,97,9,8,8,10,0,0,0,0,-81,0,0,0,-129,-119,-161,-128,-155,-168,-297,-144,-121,-107,-157,-76,-85,0,0,0,-101,-101,-122,-112,-389,-389,-385,-394,-320,-111,-414,-247,-747,-576,-3648,0,0,0,0,0,0,0,0,0,0,0]} 1. d4 Nf6 2. c4 e6 3. Nf3 d5 4. Nc3 Be7 5. Bf4 O-O 6. e3 c5 7. dxc5 Bxc5 8. cxd5 Nxd5 9. Nxd5 exd5 10. Bd3 Bb4+ {D37: Queen's Gambit Declined: 5 Bf4} 11. Nd2 d4 (11... Nc6 12. O-O Be6 13. Nf3 Be7 14. Rc1 Bf6 15. a3 Qe7 16. b4 a6 17. h3 Rac8 18. Rc5 {1-0 (33) Nepomniachtchi,I (2742)-Nakamura,H (2792) Saint Louis 2017}) 12. e4 Na6 13. O-O Nc5 14. Nb3 Be6 15. Nxc5 Bxc5 {[#]} 16. Rc1 $146 ({Predecessor:} 16. Qe2 Rc8 17. Bd2 Re8 18. Kh1 {0-1 (51) Caruana,F (2822)-Nakamura,H (2777) Saint Louis 2018}) 16... Rc8 17. a3 a5 18. h3 Qb6 19. Qe2 Be7 20. Be5 Rfe8 (20... Bg5 {with more complications.} 21. Rce1 Bh4 22. Bf4 Rc6 23. b4 axb4 24. axb4 Rfc8) 21. Qd2 Bf8 (21... Rc6 {looks sharper.} 22. a4 Rec8 23. Bb5 Rxc1 24. Rxc1 Rxc1+ 25. Qxc1 Bd6) 22. Rxc8 Bxc8 (22... Rxc8 {keeps more tension.} 23. Rd1 Bb3 24. Re1 Be6 25. Bb1 Bc5) 23. Bg3 Bd7 24. e5 g6 25. f4 Bb5 26. f5 gxf5 (26... Bxd3 $11 27. Qxd3 gxf5) 27. Rxf5 (27. Qg5+ $16 Kh8 28. Bxb5 (28. Qxf5 Bxd3 29. Qxd3 Kg8 $16) 28... d3+ 29. Kh2 Qxb5 30. Rxf5) 27... Bxd3 $1 $11 28. Qxd3 Bg7 29. Rg5 Qxb2 {White must now prevent ...Qc1+.} 30. Kh2 Re6 $36 {[%mdl 2048] Black has the initiative.} 31. Qc4 (31. Qf3 $11 Qb6 32. Qd5) 31... Qc3 (31... Qxa3 $17 32. Rg4 Rg6 33. Qxd4 Qe7) 32. Qd5 {White threatens Qd8+ and mate.} Qxa3 {Hoping for ...Qe7.} 33. Qxd4 (33. Qd8+ $1 $11 Qf8 34. Qxa5) 33... Qe7 $17 34. Rf5 Qe8 35. Qa7 b6 $1 ({Reject} 35... Bxe5 $6 36. Rg5+ Kh8 37. Qxb7 $11) 36. Rg5 (36. Rf3 $142) 36... h6 (36... a4 $19 {is more deadly.} 37. Qc7 b5) 37. Rg4 Kh7 38. Qb7 {[#]} Qe7 ({Much less strong is} 38... Bxe5 39. Bxe5 Rxe5 40. Rf4 $17) ({Black should try} 38... b5 $1 39. Qe4+ Rg6 40. Rxg6 fxg6) 39. Qe4+ Rg6 (39... Kh8 $17) 40. Rxg6 $1 $11 fxg6 41. Qd5 (41. e6 $11 {keeps the balance.}) 41... a4 $17 42. e6 Bf8 43. Qd7 $2 {[%mdl 8192]} (43. Be5 $17) 43... a3 $19 44. Qd5 {[#]} b5 $1 {[%mdl 512]} 45. Be5 {[#] Now g3 and White clings on.} (45. Qxb5 Qxe6) 45... b4 $2 (45... h5 $1 $19 {and Black stays clearly on top.} 46. g3 h4) 46. Kh1 $2 {[%mdl 8192]} (46. g4 $17 {is tougher.}) 46... Bg7 (46... h5 $142 47. Kh2 Qc5 48. Qb7+ Kh6) 47. Bd6 $2 (47. Bxg7 Kxg7 48. Qd4+ Kh7 49. Qd5) 47... Qa7 {Strongly threatening ...a2.} 48. Bc5 a2 $2 ({Black should play} 48... Qa4 $19 {And now ...a2 would win.} 49. Qa2 Qd1+ 50. Kh2 b3 51. Qxa3 b2 52. Qxb2 Bxb2) 49. Bxa7 $11 {The position is equal.} a1=Q+ {[%mdl 64] Double Attack} 50. Bg1 {aiming for e7.} Qe1 51. Qd7 {Threatens to win with e7.} b3 {( -> ...b2)} 52. e7 b2 53. e8=Q Qxe8 {Accuracy: White = 36%, Black = 39%.} 1/2-1/2

[Event "GCT Cote d Ivoire Blitz 2019"]
[Site "Abidjan"]
[Date "2019.05.11"]
[Round "7"]
[White "Karjakin, Sergey"]
[Black "Amin, Bassem"]
[Result "1-0"]
[WhiteElo "2773"]
[BlackElo "2683"]
[Annotator "TA"]
[PlyCount "191"]
[EventDate "2019.05.05"]
[EventType "tourn"]
[EventCountry "IVO"]
[SourceTitle "playchess.com"]
[Source "ChessBase"]
[SourceQuality "1"]

{[%evp 21,193,0,0,-16,0,0,10,9,23,21,22,23,47,20,47,50,50,52,55,49,53,35,40,27,41,44,51,53,49,48,71,9,95,16,25,22,25,23,29,16,19,7,11,5,8,8,11,4,10,4,9,0,0,2,9,0,3,0,12,0,8,3,8,0,3,3,3,3,3,0,7,13,136,98,227,227,227,227,220,220,210,169,160,158,153,153,257,256,222,89,89,89,89,71,89,89,89,89,89,89,92,89,89,72,89,79,89,72,119,119,119,72,85,72,103,72,4137,4137,7775,6182,2417,2056,29963,29964,29963,29960,29966,29968,29966,29957,29962,29962,29976,29977,29977,29978,29977,29958,29978,7977,29971,29973,29969,29966,29973,29974,29974,29975,29974,29975,29973,29974,29978,29980,29981,29982,29982,29977,29979,29979,29984,29985,29985,29986,29986,29987,29987,29987,29987,29988,29989,29989,29989,29990]} 1. b3 d5 2. Bb2 Bg4 3. h3 Bh5 4. g3 c6 5. Bg2 Nd7 6. c4 e6 7. Nf3 Ngf6 8. O-O Bd6 9. d3 Qe7 10. a3 O-O 11. Nbd2 a5 12. Nh4 {A12: English Opening: 1...c6 with b3 by White} (12. Qc2 e5 13. e4 Bxf3 14. Nxf3 dxe4 15. dxe4 Rfd8 16. Nh4 g6 17. Nf3 Nf8 18. Rfd1 N6d7 19. h4 Bc7 20. Bc3 Qf6 21. b4 axb4 22. axb4 Rxa1 23. Bxa1 {0-1 (63) Amin,B (2693)-Van Foreest,J (2629) chess.com INT 2018}) 12... Rfd8 $146 ({Predecessor:} 12... Ne8 13. f4 g5 14. g4 Bxf4 15. Rxf4 gxf4 16. Nhf3 Bg6 17. h4 h5 18. g5 Qc5+ 19. Kf1 Ng7 {0-1 (38) Schnegelsberg,K-Buchenau,F (2225) Baunatal 1998}) 13. Re1 b5 14. Qc2 {The position is equal.} bxc4 15. bxc4 Rab8 16. Bc3 Bxa3 17. g4 Bg6 18. Nxg6 hxg6 19. Bxa5 Rdc8 20. Reb1 Bd6 21. Rxb8 Rxb8 22. Rb1 Bb4 23. Qa4 {[%cal Ra5b4]} Bxa5 24. Rxb8+ Nxb8 25. Qxa5 Qd6 26. Nf3 (26. d4 $16) 26... Nbd7 (26... dxc4 $11 {keeps the balance.} 27. dxc4 c5) 27. Qa6 (27. Qd8+ $1 $16 Qf8 28. Qc7 dxc4 29. dxc4 (29. g5 c3 $11)) 27... dxc4 28. Qxc4 c5 29. Qa4 Nd5 30. Ng5 Nc3 31. Qa8+ Qf8 {And now ...Qxa8 would win.} 32. Kf1 Qxa8 33. Bxa8 $11 {[%mdl 4096] Endgame KBN-KNN} Kf8 34. Ke1 Ke7 35. Kd2 Nd5 36. e3 f6 37. Ne4 Nb4 38. Kc3 Nd5+ 39. Kd2 Nb4 40. Nc3 Nb6 41. Bg2 g5 42. Bf1 Nc6 43. Ne4 Nd7 44. Be2 Nce5 45. Kc3 Kd8 46. Bd1 Kc7 (46... Ke7 $11 {remains equal.}) 47. Bb3 $16 Nf3 (47... c4 $16 48. dxc4 (48. Bxc4 Nxc4 49. dxc4 e5 $16) 48... Kb6) 48. Bxe6 $18 Nf8 49. Bd5 Ng1 50. Nxc5 Kd6 51. Kd4 Nxh3 52. Ne4+ Ke7 53. Kc3 Nd7 (53... g6 $16 54. d4 Nd7) 54. d4 g6 55. f3 (55. Bc4 $18 {is more deadly.}) 55... f5 $16 56. gxf5 gxf5 57. Nc5 Nf6 58. Bb7 $1 g4 59. fxg4 Nxg4 60. Kd2 $1 Ng5 61. Ke2 Nf7 62. Bf3 Nf6 63. Nd3 Nd6 64. Nf4 Nc4 65. Kd3 Nd6 66. Kc3 Kd7 67. Kb4 Ng4 68. Nd5 {Bxg4 is the strong threat.} Nf7 $2 {[%mdl 8192]} (68... Nf2 $16) 69. Bxg4 $1 $18 fxg4 {KN-KN} 70. Nf6+ {[%mdl 64] Double Attack} Ke6 71. Nxg4 Kd5 72. Nf2 Nd6 73. Kc3 Nb5+ 74. Kd3 Ke6 75. Ne4 Nc7 76. Nc5+ Kf5 77. e4+ Kf4 78. Nd7 Ne6 79. e5 Kf5 80. Nb6 (80. d5 $142 Ng7 81. Kd4 Kg6 82. Nc5 Nf5+ 83. Ke4 Ng3+ 84. Kf4 Ne2+ 85. Ke3) 80... Nf4+ 81. Kc4 $1 {White mates.} Ke4 82. Nc8 Ne6 83. Nd6+ Kf4 84. Kd5 Nc7+ {[#]} 85. Kc5 $1 Ne6+ {[#]} 86. Kc4 $1 Nc7 87. Nb5 Ne6 88. Kd5 Ng7 89. Kd6 Ke4 90. e6 Kf5 91. d5 Kf6 92. Nd4 Ne8+ 93. Kd7 Ng7 94. e7 Ke5 95. d6 Kxd4 96. Kc6 {Played: e7-e8Q} 1-0